| 000 | 00960nam a2200277Ia 4500 | ||
|---|---|---|---|
| 003 | OSt | ||
| 005 | 20220918171019.0 | ||
| 006 | a|||||r|||| 00| 0 | ||
| 007 | ta | ||
| 008 | 220917b |||||||| |||| 00| 0 eng d | ||
| 020 |
_a9781137407115 (pbk) _c3079.36 |
||
| 024 | _a288,581 | ||
| 037 |
_b107, 15/12/2015, Pioneer Book Distributors _cTextual |
||
| 040 |
_aARTS _cARTS _beng |
||
| 041 |
_2eng _aeng |
||
| 082 | _aX:77.1TH, Q6 | ||
| 100 |
_aEzrow Natasha _933124 |
||
| 245 | 0 |
_aDevelopment and the state in the 21st century _b Tackling the challenges facing the developing world |
|
| 260 |
_aNew York _bPalgrave macmillan U.S.A. _c2016 |
||
| 300 |
_axi, 350p. _ccm. |
||
| 650 | _aECONOMICS | ||
| 700 |
_a Frantz Erica _933125 |
||
| 700 |
_a Kendall-Taylor Andrea _933126 |
||
| 942 |
_hX:77.1TH, Q6 _cTEXL _2CC |
||
| 999 |
_c137273 _d137273 |
||